Loading...
| Fine Arts - Auditory Fine Arts | 3 | 3.33 | 33% | 0% | 0% |
| Fine Arts - Other Fine Arts | 1 | 0.00 | 0% | 0% | 0% |
| Fine Arts - Visual Fine Arts | 1 | 10.00 | 100% | 0% | 0% |
| Geography | 1 | 10.00 | 100% | 0% | 0% |
| History - European History | 2 | 10.00 | 50% | 50% | 0% |
| History - Other History | 2 | 15.00 | 100% | 50% | 0% |
| History - World History | 1 | 0.00 | 0% | 0% | 0% |
| Literature - American Literature | 1 | 0.00 | 0% | 0% | 0% |
| Literature - British Literature | 3 | 3.33 | 33% | 0% | 0% |
| Literature - World Literature | 3 | 6.67 | 33% | 33% | 0% |
| Mythology | 2 | 10.00 | 100% | 0% | 0% |
| Other Academic | 1 | 10.00 | 100% | 0% | 0% |
| Philosophy | 2 | 0.00 | 0% | 0% | 0% |
| Pop Culture | 1 | 10.00 | 100% | 0% | 0% |
| Religion | 1 | 10.00 | 100% | 0% | 0% |
| Science - Biology | 1 | 0.00 | 0% | 0% | 0% |
| Science - Chemistry | 2 | 5.00 | 50% | 0% | 0% |
| Science - Other Science | 2 | 5.00 | 0% | 50% | 0% |
| Social Science | 1 | 10.00 | 100% | 0% | 0% |